| 000 | 00587cam a22002051 4500 | ||
|---|---|---|---|
| 020 | _a0405047622 | ||
| 082 |
_a355.34 _bROG _cD |
||
| 100 | 1 |
_aRogerson, Sidney, _948812 |
|
| 245 | 1 | 0 |
_aPropaganda in the next war, _cby Sidney Rogerson. |
| 260 |
_aLondon, _bG. Bles _c[1938] |
||
| 300 |
_aviii, 187, [1] p. _c21 cm. |
||
| 490 | 0 | _aThe next war | |
| 500 | _a"First published in 1938." | ||
| 526 |
_a0 _b0 _c0 _d355_340000000000000_ROG |
||
| 650 | 0 |
_aMCE _9379 |
|
| 650 | 0 |
_aPropaganda. _948813 |
|
| 650 | 0 | _aWar. | |
| 650 | 0 |
_aWorld War, 1914-1918 _xPropaganda. _948814 |
|
| 942 |
_2ddc _cBK |
||
| 999 |
_c551673 _d551673 |
||